000 00313cam a2200121ua 4500
020 _a0-07-056898-7
082 _a621.815
_bSHI/ME
100 _aShigley, Joseph Edward .
245 _aMechanical engineering design /
260 _aNew York :
_bMcGraw Hill Book Company ,
_c1986.
300 _a698 ; .
942 _cBK
999 _c2017
_d2017